Loading...
| History - European | 0 | 6 | 0 | 0 | 60 | 46 | 73.00 | 1 | 5 | 25.89 | 46.59 |
| Fine Arts - Other | 0 | 5 | 0 | 1 | 50 | 27 | 82.20 | 2 | 3 | 18.71 | 32.73 |
| Science - Biology | 0 | 5 | 0 | 0 | 50 | 27 | 72.20 | 2 | 3 | 17.64 | 39.77 |
| Fine Arts - Classical Music | 0 | 5 | 0 | 0 | 50 | 47 | 71.00 | 0 | 3 | 21.54 | 39.70 |
| Science - Chemistry | 0 | 3 | 0 | 1 | 30 | 82 | 103.33 | 0 | 0 | 4.37 | 10.00 |
| Literature - European | 0 | 2 | 0 | 0 | 20 | 82 | 84.00 | 0 | 1 | 7.60 | 15.00 |
| History - Other | 0 | 2 | 1 | 0 | 15 | 28 | 48.00 | 1 | 2 | 12.13 | 18.33 |
| Current Events | 0 | 1 | 0 | 0 | 10 | 78 | 78.00 | 0 | 0 | 19.77 | 29.17 |
| Fine Arts - Painting and Sculpture | 0 | 1 | 0 | 0 | 10 | 105 | 105.00 | 0 | 0 | 1.39 | 5.83 |
| Mythology | 0 | 1 | 0 | 0 | 10 | 76 | 76.00 | 0 | 0 | 4.53 | 7.50 |
| Other Academic | 0 | 0 | 1 | 0 | -5 | 0.00 | 0 | 0 | 0.00 | 0.00 | |
| History - World | 0 | 0 | 1 | 0 | -5 | 0.00 | 0 | 0 | 0.00 | 0.00 |